Football Teams Hidetoshi Nakata Played For - Statistics

General Stats
  • This quiz has been taken 21 times
  • The average score is 4 of 7
Answer Stats
League Years Team % Correct
Italy 2000-2001 AS Roma
93%
Italy 2004-2005 ACF Fiorentina
64%
Italy 2001-2004 Parma Calcio 1913
64%
Italy 2004 Bologna FC
43%
England 2005-2006 Bolton Wanderers
43%
Italy 1998-2000 AC Perugia Calcio
29%
Japan 1995-1998 Shonan Bellmare
14%
No matching quizzes found
Score Distribution
Percent of People with Each Score
Percentile by Number Answered
Your Score History
You have not taken this quiz